[Event "BCF-chT3N 1819 (4NCL)"]
[Site "England"]
[Date "2019.02.10"]
[Round "6.11"]
[White "Townsend, M Paul"]
[Black "Turner, John M"]
[Result "1/2-1/2"]
[WhiteElo "2237"]
[BlackElo "1990"]
[PlyCount "94"]
[EventDate "2018.11.10"]
[EventType "team-swiss"]
[EventRounds "11"]
[EventCountry "ENG"]
[SourceTitle "EXT 2021"]
[Source "ChessBase"]
[SourceDate "2020.10.23"]
[SourceVersion "1"]
[SourceVersionDate "2020.10.23"]
[SourceQuality "1"]
[WhiteTeam "White Rose II"]
[BlackTeam "Holmes Chapel"]
[WhiteTeamCountry "ENG"]
[BlackTeamCountry "ENG"]

1. Nf3 Nf6 2. c4 c5 3. Nc3 Nc6 4. e3 e6 5. d4 cxd4 6. exd4 d5 7. a3 Be7 8. cxd5 exd5 9. Bb5 0-0 10. 0-0 Bg4 11. Be3 Rc8 12. h3 Be6 13. Bxc6 Rxc6 14. Ne5 Rc8 15. Qb3 b6 16. Rac1 Bd6 17. Qa4 Bxe5 18. dxe5 Nd7 19. Qxa7 Ra8 20. Qb7 Rb8 21. Qa6 Nxe5 22. Rfd1 Nc4 23. Bf4 Ra8 24. Qb5 Ra5 25. Qb4 Qa8 26. Rd4 Rc8 27. Nb5 Qa6 28. Nc7 Qb7 29. Nxe6 fxe6 30. Qe1 e5 31. Bxe5 Re8 32. f4 Qe7 33. Qb4 Nxe5 34. fxe5 Qxe5 35. Rcd1 Re6 36. Rf4 Qe3+ 37. Kh1 Rc5 38. Rdf1 h6 39. Rf8+ Kh7 40. R8f3 Qe4 41. Rf4 Qxb4 42. Rxb4 Rc2 43. Rd1 Rg6 44. Rxd5 Rgxg2 45. Rxb6 Rh2+ 46. Kg1 Rhg2+ 47. Kh1 Rh2+ 1/2-1/2

[Event "BCF-chT3N 1718 (4NCL)"]
[Site "England"]
[Date "2018.05.07"]
[Round "11.13"]
[White "Delaney, Killian"]
[Black "Turner, John M"]
[Result "1/2-1/2"]
[WhiteElo "2188"]
[BlackElo "2000"]
[PlyCount "45"]
[EventDate "2017.11.11"]
[EventType "team-swiss"]
[EventRounds "11"]
[EventCountry "ENG"]
[SourceTitle "EXT 2020"]
[Source "ChessBase"]
[SourceDate "2019.10.17"]
[SourceVersion "1"]
[SourceVersionDate "2019.10.17"]
[SourceQuality "1"]
[WhiteTeam "Gonzaga"]
[BlackTeam "Holmes Chapel"]
[WhiteTeamCountry "IRL"]
[BlackTeamCountry "ENG"]

1. e4 d5 2. exd5 Qxd5 3. Nc3 Qd6 4. d4 Nf6 5. Nf3 a6 6. Bd3 Bg4 7. Ne4 Nxe4 8. Bxe4 Nc6 9. c3 f5 10. Bc2 e6 11. h3 Bh5 12. g4 Bg6 13. gxf5 Bxf5 14. Bxf5 exf5 15. Qe2+ Be7 16. Bg5 0-0-0 17. Bxe7 Qxe7 18. Qxe7 Nxe7 19. 0-0-0 Nd5 20. Ne5 Rde8 21. Nd3 Re4 22. Rhe1 Rhe8 23. Kd2 1/2-1/2

[Event "BCF-chT3N 1617 (4NCL)"]
[Site "England"]
[Date "2017.05.01"]
[Round "11.54"]
[White "Burke, Mitchell R"]
[Black "Turner, John M"]
[Result "1-0"]
[WhiteElo "2012"]
[BlackElo "2019"]
[PlyCount "45"]
[EventDate "2016.11.26"]
[EventType "team-swiss"]
[EventRounds "11"]
[EventCountry "ENG"]
[SourceTitle "EXT 2019"]
[Source "ChessBase"]
[SourceDate "2018.10.10"]
[SourceVersion "1"]
[SourceVersionDate "2018.10.10"]
[SourceQuality "1"]
[WhiteTeam "3CS Oldham II"]
[BlackTeam "Holmes Chapel"]
[WhiteTeamCountry "ENG"]
[BlackTeamCountry "ENG"]

1. e4 c5 2. Nc3 Nc6 3. f4 g6 4. Nf3 Bg7 5. Bb5 Nd4 6. 0-0 Nxb5 7. Nxb5 d6 8. d3 Nf6 9. Qe1 0-0 10. Qh4 Bg4 11. Nc3 Bxf3 12. Rxf3 e6 13. f5 Nd7 14. Bg5 Bf6 15. Rh3 h5 16. Rg3 Kg7 17. Rf1 Bxg5 18. Rxg5 Kh6 19. f6 Nxf6 20. Rxf6 Qxf6 21. Rxh5+ Kg7 22. Rh7+ Kg8 23. Qxf6 1-0

[Event "BCF-chT3N 1617 (4NCL)"]
[Site "England"]
[Date "2017.03.19"]
[Round "8.63"]
[White "Taylor, Robert P"]
[Black "Turner, John M"]
[Result "0-1"]
[WhiteElo "1887"]
[BlackElo "2019"]
[PlyCount "80"]
[EventDate "2016.11.26"]
[EventType "team-swiss"]
[EventRounds "11"]
[EventCountry "ENG"]
[SourceTitle "EXT 2019"]
[Source "ChessBase"]
[SourceDate "2018.10.10"]
[SourceVersion "1"]
[SourceVersionDate "2018.10.10"]
[SourceQuality "1"]
[WhiteTeam "Ashfield Breadsall II"]
[BlackTeam "Holmes Chapel"]
[WhiteTeamCountry "ENG"]
[BlackTeamCountry "ENG"]

1. d4 d5 2. Bg5 h6 3. Bh4 c6 4. e3 Qb6 5. Qc1 Bf5 6. Nf3 Nd7 7. Be2 e6 8. 0-0 Be7 9. Bxe7 Nxe7 10. c4 0-0 11. Nc3 Rac8 12. c5 Qc7 13. b4 e5 14. b5 Bg4 15. a4 e4 16. Nd2 Bxe2 17. Nxe2 b6 18. cxb6 Qxb6 19. Qa3 Rfe8 20. Rab1 cxb5 21. Rxb5 Qa6 22. Nc3 Qc6 23. Rb3 Nb6 24. Nb5 Nc4 25. Nxc4 dxc4 26. Nxa7 Qd7 27. Nxc8 Rxc8 28. Rb6 Nd5 29. Rd6 Qb7 30. a5 Qb4 31. Qxb4 Nxb4 32. Rc1 Na2 33. Rc2 Nb4 34. Rc3 Na2 35. Ra3 Nb4 36. Ra1 c3 37. Rc1 c2 38. d5 Nd3 39. Rc6 Rxc6 40. dxc6 Nxc1 0-1

[Event "BCF-chT3Nd 1516 (4NCL)"]
[Site "England"]
[Date "2016.03.20"]
[Round "8.115"]
[White "Allen, Keith"]
[Black "Turner, John M"]
[Result "1/2-1/2"]
[WhiteElo "2234"]
[BlackElo "2026"]
[PlyCount "65"]
[EventDate "2016.03.20"]
[EventType "team-swiss"]
[EventRounds "11"]
[EventCountry "ENG"]
[SourceTitle "EXT 2017"]
[Source "ChessBase"]
[SourceDate "2016.10.25"]
[SourceVersion "1"]
[SourceVersionDate "2016.10.25"]
[SourceQuality "1"]
[WhiteTeam "Manx Ravens"]
[BlackTeam "Holmes Chapel"]
[WhiteTeamCountry "ENG"]
[BlackTeamCountry "ENG"]

1. d4 d5 2. c4 dxc4 3. Nf3 Nf6 4. e3 Bg4 5. h3 Bh5 6. Bxc4 e6 7. Nbd2 Nc6 8. Bb5 Bd6 9. Qa4 Bxf3 10. Nxf3 Qd7 11. Bd2 Nd5 12. Rc1 Nb6 13. Qc2 h6 14. 0-0 a6 15. Bxc6 Qxc6 16. Qxc6+ bxc6 17. Rxc6 Kd7 18. Rfc1 a5 19. a3 Rhb8 20. e4 Ra7 21. g4 Na4 22. b4 axb4 23. axb4 Nb2 24. d5 Nd3 25. R1c4 exd5 26. exd5 Nxb4 27. Rxd6+ Kxd6 28. Bxb4+ Kxd5 29. Rd4+ Ke6 30. Re4+ Kd5 31. Rd4+ Ke6 32. Bd2 c5 33. Re4+ 1/2-1/2

[Event "BCF-chT3 1415 (4NCL)"]
[Site "England"]
[Date "2015.05.02"]
[Round "9.205"]
[White "Turner, John M"]
[Black "House, Glenn"]
[Result "1/2-1/2"]
[WhiteElo "2027"]
[BlackElo "2275"]
[PlyCount "82"]
[EventDate "2015.03.21"]
[EventType "team-swiss"]
[EventRounds "11"]
[EventCountry "ENG"]
[SourceTitle "EXT 2016"]
[Source "ChessBase"]
[SourceDate "2015.10.08"]
[SourceVersion "1"]
[SourceVersionDate "2015.10.08"]
[SourceQuality "1"]
[WhiteTeam "Holmes Chapel"]
[BlackTeam "Manchester Manticores"]
[WhiteTeamCountry "ENG"]
[BlackTeamCountry "ENG"]

1. e4 c5 2. Nc3 e6 3. Nf3 d6 4. d4 cxd4 5. Nxd4 Nf6 6. g4 h6 7. Be3 a6 8. Bg2 Qc7 9. h3 b5 10. a3 Bb7 11. 0-0 Nbd7 12. Nde2 g5 13. f4 gxf4 14. Bxf4 Be7 15. Qd2 0-0-0 16. Bxh6 Rdg8 17. Rad1 Ne5 18. b3 Nfxg4 19. hxg4 Rxg4 20. Bf4 Rhg8 21. Rf2 Bh4 22. Rdf1 Bxf2+ 23. Rxf2 f5 24. Qe3 Ng6 25. Bg3 f4 26. Nxf4 Nxf4 27. Bxf4 Qg7 28. Qd2 e5 29. Bh6 Qg6 30. Rf8+ Rxf8 31. Bxf8 Kd7 32. Bh6 Rxg2+ 33. Qxg2 Qxh6 34. Qf2 Qg5+ 35. Kf1 Qc1+ 36. Kg2 Qg5+ 37. Kf1 Qh5 38. Ke1 Qh1+ 39. Kd2 Qh6+ 40. Qe3 Qh2+ 41. Qe2 Qh6+ 1/2-1/2

[Event "BCF-chT3N 1314 (4NCL)"]
[Site "England"]
[Date "2014.02.08"]
[Round "5.76"]
[White "Turner, John M"]
[Black "Oates, David"]
[Result "0-1"]
[WhiteElo "2040"]
[BlackElo "2149"]
[PlyCount "72"]
[EventDate "2013.11.16"]
[EventType "team-swiss"]
[EventRounds "6"]
[EventCountry "ENG"]
[SourceTitle "EXT 2015"]
[Source "ChessBase"]
[SourceDate "2014.11.20"]
[SourceVersion "1"]
[SourceVersionDate "2014.11.20"]
[SourceQuality "1"]
[WhiteTeam "Holmes Chapel"]
[BlackTeam "North East England"]
[WhiteTeamCountry "ENG"]
[BlackTeamCountry "ENG"]

1. e4 Nc6 2. Nc3 e6 3. d4 d5 4. Bb5 dxe4 5. Nxe4 Qd5 6. Qe2 Bd7 7. c3 Nf6 8. Nxf6+ gxf6 9. Nf3 0-0-0 10. Be3 Rg8 11. Rg1 Na5 12. Bd3 Bc6 13. b4 Qxf3 14. Qxf3 Bxf3 15. bxa5 Ba3 16. Kd2 Bc6 17. g3 a6 18. h4 f5 19. Bg5 Rd5 20. g4 fxg4 21. Bxh7 Rh8 22. Bd3 Rg8 23. Bf6 Rh5 24. Be2 Rf5 25. Bg5 Rxf2 26. Ke3 Rh2 27. Bxg4 Kb8 28. Bh5 Rh3+ 29. Kd2 Bb2 30. Bxf7 Bxc3+ 31. Ke2 Bb5+ 32. Kf2 Rg7 33. Bxe6 Bxd4+ 34. Kg2 Rxh4 35. Kf3 Bc6+ 36. Ke2 Rh2+ 0-1

[Event "BCF-chT3 1213 (4NCL)"]
[Site "England"]
[Date "2013.05.05"]
[Round "10.116"]
[White "Turner, John M"]
[Black "Pedersen, Carsten"]
[Result "0-1"]
[WhiteElo "2024"]
[BlackElo "2134"]
[PlyCount "48"]
[EventDate "2012.11.03"]
[EventType "team-swiss"]
[EventRounds "11"]
[EventCountry "ENG"]
[SourceTitle "EXT 2014"]
[Source "ChessBase"]
[SourceDate "2013.11.20"]
[SourceVersion "1"]
[SourceVersionDate "2013.11.20"]
[SourceQuality "1"]
[WhiteTeam "Holmes Chapel"]
[BlackTeam "Celtic Tigers"]
[WhiteTeamCountry "ENG"]
[BlackTeamCountry "ENG"]

1. e4 e6 2. d4 d5 3. Nd2 Nf6 4. Bd3 c5 5. e5 Nfd7 6. c3 Nc6 7. Ne2 cxd4 8. cxd4 f6 9. exf6 Nxf6 10. 0-0 Bd6 11. Nf3 Qc7 12. g3 0-0 13. Bf4 a6 14. Rc1 Nh5 15. Ne5 Nxf4 16. Nxf4 Bxe5 17. dxe5 Qxe5 18. Re1 Qf6 19. Bb1 Nd4 20. Qd3 h6 21. Red1 e5 22. Nxd5 Qxf2+ 23. Kh1 Bh3 24. Ne3 Qf3+ 0-1

[Event "BCF-chT3N 1213 (4NCL)"]
[Site "England"]
[Date "2013.02.23"]
[Round "5"]
[White "Bak, Andrew"]
[Black "Turner, John M"]
[Result "0-1"]
[WhiteElo "2052"]
[BlackElo "2024"]
[PlyCount "44"]
[EventDate "2012.11.24"]
[EventType "team-swiss"]
[EventRounds "6"]
[EventCountry "ENG"]
[SourceTitle "EXT 2014"]
[Source "ChessBase"]
[SourceDate "2013.11.20"]
[SourceVersion "1"]
[SourceVersionDate "2013.11.20"]
[SourceQuality "1"]
[WhiteTeam "Bradford DCA Knights"]
[BlackTeam "Holmes Chapel"]
[WhiteTeamCountry "ENG"]
[BlackTeamCountry "ENG"]

1. d4 d5 2. Nf3 Nf6 3. g3 Bg4 4. Bg2 c6 5. c4 e6 6. Ne5 Bf5 7. cxd5 exd5 8. Nc3 Be7 9. 0-0 0-0 10. a3 Nbd7 11. Nxd7 Qxd7 12. Re1 Rfe8 13. b4 a5 14. Na4 Qc7 15. Qb3 axb4 16. axb4 b5 17. Bf4 bxa4 18. Rxa4 Bd6 19. Bxd6 Qxd6 20. e3 Rxa4 21. Qxa4 Rb8 22. Rc1 Rxb4 0-1

[Event "BCF-chT3N 1213 (4NCL)"]
[Site "England"]
[Date "2013.01.13"]
[Round "4.77"]
[White "Turner, John M"]
[Black "White, Mark"]
[Result "1/2-1/2"]
[WhiteElo "2024"]
[BlackElo "2100"]
[PlyCount "57"]
[EventDate "2012.11.24"]
[EventType "team-swiss"]
[EventRounds "6"]
[EventCountry "ENG"]
[SourceTitle "EXT 2014"]
[Source "ChessBase"]
[SourceDate "2013.11.20"]
[SourceVersion "1"]
[SourceVersionDate "2013.11.20"]
[SourceQuality "1"]
[WhiteTeam "Holmes Chapel"]
[BlackTeam "Jorvik"]
[WhiteTeamCountry "ENG"]
[BlackTeamCountry "ENG"]

1. e4 g6 2. d4 Bg7 3. Nc3 d6 4. g3 Nf6 5. Bg2 c6 6. Nge2 0-0 7. h3 e5 8. Be3 Qe7 9. 0-0 Nbd7 10. d5 cxd5 11. Nxd5 Nxd5 12. Qxd5 Nf6 13. Qd3 Be6 14. c4 Rac8 15. b3 b6 16. Rfd1 Ne8 17. Rac1 f5 18. f3 g5 19. exf5 Bxf5 20. Qd2 h6 21. Nc3 Kh8 22. Kh2 Bg6 23. Ne4 Bxe4 24. fxe4 Rf6 25. Rf1 Nc7 26. Rxf6 Bxf6 27. Rd1 Rd8 28. Bf3 Ne6 29. Bg4 1/2-1/2

[Event "BCF-chT3 1011 (4NCL)"]
[Site "England"]
[Date "2011.05.01"]
[Round "10.37"]
[White "Jones, William EG"]
[Black "Turner, John M"]
[Result "1-0"]
[WhiteElo "2115"]
[BlackElo "2071"]
[PlyCount "109"]
[EventDate "2010.11.06"]
[EventType "team-swiss"]
[EventRounds "9"]
[EventCountry "ENG"]
[SourceTitle "EXT 2012"]
[Source "ChessBase"]
[SourceDate "2011.11.24"]
[SourceVersion "1"]
[SourceVersionDate "2011.11.24"]
[SourceQuality "1"]
[WhiteTeam "KJCA Kings"]
[BlackTeam "Holmes Chapel"]
[WhiteTeamCountry "ENG"]
[BlackTeamCountry "ENG"]

1. e4 d5 2. exd5 Qxd5 3. Nf3 Nc6 4. d4 Bg4 5. Be2 e6 6. h3 Bh5 7. Be3 Nf6 8. Nbd2 Be7 9. 0-0 0-0 10. c4 Qd6 11. a3 a6 12. b4 Rfb8 13. Qb3 e5 14. c5 Qd8 15. dxe5 Nxe5 16. Nxe5 Bxe2 17. Qxf7+ Kh8 18. Rfe1 Bh5 19. Qxh5 Nxh5 20. Nf7+ Kg8 21. Nxd8 Rxd8 22. Nc4 Bf6 23. Rac1 g6 24. g4 Ng7 25. Bf4 Rd7 26. Na5 c6 27. Nc4 Rd3 28. Kg2 Rf8 29. Re3 Rd4 30. Be5 Bxe5 31. Nxe5 Rd2 32. Nf3 Ra2 33. Rd1 h5 34. Rd7 hxg4 35. hxg4 Rf7 36. Rd8+ Rf8 37. Rd7 Rf7 38. Rd8+ Rf8 39. Rd7 Rf7 40. Ree7 Rxe7 41. Rxe7 Rxa3 42. Ng5 Kf8 43. Rf7+ Kg8 44. Rxb7 Ne8 45. Ne6 a5 46. bxa5 Rxa5 47. g5 Ra8 48. Kf3 Ra4 49. Re7 Ra8 50. Ke4 Rb8 51. f4 Ra8 52. f5 gxf5+ 53. Kxf5 Rb8 54. Kg6 Ra8 55. Rf7 1-0